[Event "Klatovy op-B 22nd"]
[Site "Klatovy"]
[Date "2016.07.06"]
[Round "5"]
[White "Vasko, Pavel"]
[Black "Peterek, Zbynek"]
[Result "1-0"]
[WhiteElo "1619"]
[BlackElo "1314"]
[PlyCount "81"]
[EventDate "2016.07.02"]
[EventType "swiss"]
[EventRounds "9"]
[EventCountry "CZE"]
[SourceTitle "EXT 2019"]
[Source "ChessBase"]
[SourceDate "2018.10.10"]
[SourceVersion "1"]
[SourceVersionDate "2018.10.10"]
[SourceQuality "1"]

1. e4 e5 2. Nf3 Nc6 3. Bc4 Bc5 4. c3 d6 5. d3 h6 6. 0-0 Bg4 7. h3 Bxf3 8. Qxf3 Qf6 9. Qe2 0-0-0 10. a4 a6 11. Be3 Nge7 12. b4 Bb6 13. a5 Ba7 14. Na3 d5 15. exd5 Nxd5 16. Bxd5 Rxd5 17. c4 Rdd8 18. b5 Nd4 19. Qb2 Kd7 20. Rab1 Qg6 21. b6 Nf3+ 22. Kh1 Nh4 23. g3 Qc6+ 24. f3 Nxf3 25. Qg2 Qa4 26. Qxf3 Qxa3 27. Qxf7+ Qe7 28. bxa7 Qxf7 29. Rxf7+ Kc6 30. Rxg7 Rxd3 31. Rg6+ Kd7 32. Rxb7 Rxe3 33. Rb8 Re1+ 34. Kg2 Rxb8 35. axb8Q e4 36. Rg7+ Ke6 37. Qxc7 Re2+ 38. Kf1 Rd2 39. Qe7+ Kf5 40. Rf7+ Kg6 41. Rf6+ 1-0

[Event "Klatovy op-B 22nd"]
[Site "Klatovy"]
[Date "2016.07.04"]
[Round "3"]
[White "Leseticky, Vladimir"]
[Black "Peterek, Zbynek"]
[Result "1-0"]
[WhiteElo "1665"]
[BlackElo "1314"]
[PlyCount "127"]
[EventDate "2016.07.02"]
[EventType "swiss"]
[EventRounds "9"]
[EventCountry "CZE"]
[SourceTitle "EXT 2019"]
[Source "ChessBase"]
[SourceDate "2018.10.10"]
[SourceVersion "1"]
[SourceVersionDate "2018.10.10"]
[SourceQuality "1"]

1. e4 e5 2. Nf3 Nc6 3. Bb5 d6 4. d4 Bd7 5. d5 Nce7 6. Bxd7+ Qxd7 7. 0-0 Nf6 8. Qe2 Ng6 9. c4 Be7 10. b3 0-0 11. Be3 Ng4 12. Bd2 Nf4 13. Bxf4 exf4 14. h3 Bf6 15. e5 Bxe5 16. Nxe5 Nxe5 17. Nd2 Rfe8 18. Qh5 Ng6 19. Nf3 f6 20. Rfe1 Rxe1+ 21. Rxe1 Re8 22. Rxe8+ Qxe8 23. Qf5 Nf8 24. Qxf4 Qe2 25. Qd2 Qxd2 26. Nxd2 Kf7 27. b4 c6 28. dxc6 bxc6 29. a4 Ke6 30. b5 cxb5 31. axb5 Nd7 32. Nb3 Ke5 33. Na5 Nb6 34. Nc6+ Ke4 35. Nxa7 Nxc4 36. Nc8 d5 37. b6 Na5 38. Nd6+ Ke5 39. b7 Nc6 40. Nb5 d4 41. Kf1 Kd5 42. Nc7+ Kc4 43. Ke2 d3+ 44. Kd1 Kc5 45. Na6+ Kb6 46. b8Q+ Nxb8 47. Nxb8 Kc7 48. Na6+ Kb6 49. Nb4 Kc5 50. Nxd3+ Kd5 51. Ke2 g5 52. Kf3 h5 53. Nb4+ Ke5 54. Nc6+ Kf5 55. g4+ Kg6 56. Ke4 h4 57. f3 Kg7 58. Kf5 Kf7 59. Nb4 Ke7 60. Nd5+ Kf7 61. Nxf6 Kg7 62. Kxg5 Kf7 63. Ne4 Kg7 64. Kxh4 1-0